| 000 | 00000nam##2200000za#4500 |
| 001 | 9.681116 |
| 003 | CaOODSP |
| 005 | 20250206125413 |
| 007 | ta |
| 008 | 150407|2000||||xxc||||| f|0| 0 fre|d |
| 020 | |a0-662-84695-8 |
| 040 | |aCaOODSP|bfre |
| 043 | |an-cn--- |
| 086 | 1 |aA62-53/2000F |
| 110 | 2 |aAgence canadienne d'inspection des aliments. |
| 245 | 10|aEnquête canadienne sur l'état microbiologique des carcasses de poulet à griller et de jeunes dindons, juin 1997 - mai 1998 |
| 260 | |aOttawa - Ontario : |bAgence canadienne d'inspection des aliments |c2000. |
| 300 | |aviii, 24p. : |bgraphiques, références, tableaux ; |c28 cm. |
| 563 | |aCouverture souple |
| 590 | |a00-23|b2000-06-09 |
| 691 | 07|aMicrobiologie|2gcpds |
| 691 | 07|aVolaille|2gcpds |
| 691 | 07|aDéveloppement social|2gcpds |
| 775 | 08|tCanadian microbiological baseline survey of chicken broiler and young turkey carcasses, June 1997-May 1998 |w(CaOODSP)9.647729 |
| 776 | 0#|tEnquête canadienne sur l'état microbiologique des carcasses de poulet à griller et de jeunes dindons, juin 1997-mai 1998 |w(CaOODSP)9.637709 |